| 000 | nam a22 a 4500 | ||
|---|---|---|---|
| 999 |
_c10 _d10 |
||
| 003 | AKMAL | ||
| 005 | 20170412123834.0 | ||
| 008 | 170412s2003 my a e bi 001 0 eng d | ||
| 015 | _aM16-07387 | ||
| 020 |
_a9679788792 _qpaperback _cRM29.00 |
||
| 040 |
_aAKMAL _cAKMAL |
||
| 082 | 0 | 4 |
_a923.2595 _221 |
| 090 | 0 | 0 |
_a338.09595 _bSOM |
| 100 | 1 |
_aSomun,Hajrudin _946 |
|
| 245 | 1 | 0 |
_aMAHATHIR : _bThe Secret of the Malaysian Success / _cHAJRUDIN SOMUN ; Translated from the Bosnian by Lejla Somun-Krupalija |
| 260 |
_aSubang Jaya,Selangor : _bPelanduk Publication, _c2003 |
||
| 300 |
_axvii, 275p. : _bill. (some col.) ; _c22cm. |
||
| 504 | _aIncludes bibliographical references and index | ||
| 650 | 1 | 0 |
_aPrime ministers _zMalaysia _vBiography _947 |
| 650 | 2 | 0 |
_aMalaysia _xPolitics and government _948 |
| 651 | 0 |
_aMalaysia _xEconomic policy _949 |
|
| 651 | 0 |
_aMalaysia _xForeign relations _911 |
|
| 942 |
_2ddc _cBOOK |
||